Aulton's pharmaceutics: The design and manufacture of medicines (Record no. 28477)
[ view plain ]
| 000 -LEADER | |
|---|---|
| fixed length control field | 00489nam a2200169Ia 4500 |
| 008 - FIXED-LENGTH DATA ELEMENTS--GENERAL INFORMATION | |
| fixed length control field | 230917s9999||||xx |||||||||||||| ||und|| |
| 020 ## - ISBN | |
| Price | USD43.99 |
| 040 ## - CATALOGING SOURCE | |
| -- | 250409 |
| Original cataloging agency | VIVEKANANDA LIBRARY |
| 041 ## - Language | |
| -- | English |
| 082 ## - DDC NUMBER | |
| Classification number | 615.19 A54A(5) |
| 100 ## - MAIN ENTRY--PERSONAL NAME | |
| Personal name | Aulton, Michael E, ed. |
| 245 #0 - TITLE STATEMENT | |
| Title | Aulton's pharmaceutics: The design and manufacture of medicines |
| 260 ## - PUBLICATION, DISTRIBUTION, ETC. (IMPRINT) | |
| Place of publication, distribution, etc | Edinburgh |
| Name of publisher, distributor, etc | Elsevier |
| Date of publication, distribution, etc | 2018 |
| 300 ## - PHYSICAL DESCRIPTION | |
| Pages | xi, 918 p. |
| 500 ## - GENERAL NOTE | |
| General note | 3290 08/10/2018 PBA18/520 09/10/2018 Main Budget |
| 942 ## - ADDED ENTRY ELEMENTS (KOHA) | |
| Koha item type | Books |
| Withdrawn status | Lost status | Damaged status | Not for loan | Location (home branch) | Sublocation or collection (holding branch) | Date acquired | Koha issues (times borrowed) | Koha full call number | Accession No. | Koha date last seen | Koha item type |
|---|---|---|---|---|---|---|---|---|---|---|---|
| VIVEKANANDA LIBRARY | VIVEKANANDA LIBRARY | 15/11/2018 | 615.19 A54A(5) | 385553 | 17/09/2023 | Books |
